Saradnja institucija na migracije i azil u ER i u SR u vezi njenog pristupanja EU

Gespeichert in:
Bibliographische Detailangaben
1. Verfasser: Filip, Stanislav
Weitere Verfasser: Machovič, Peter, Kollár, Vojtech
Format: Buchkapitel
Sprache:Englisch
Schlagworte:
Tags: Tag hinzufügen
Keine Tags, Fügen Sie das erste Tag hinzu!

MARC

LEADER 00000naa$a2200000$$$4500
001 0190317
005 20240502083441.5
041 0 |a eng 
044 |a RS 
245 1 0 |a Saradnja institucija na migracije i azil u ER i u SR u vezi njenog pristupanja EU  |c Stanislav Filip, Peter Machovič, Vojtech Kollár 
500 |a Abstrakt 
610 2 0 |a Európska únia 
610 2 0 |a migrácia 
610 2 0 |a azyl 
610 2 0 |a integrácia sociálna 
610 2 0 |a cudzinci 
610 2 0 |a právo medzinárodné 
100 1 |a Filip, Stanislav 
700 1 |a Machovič, Peter 
700 1 |a Kollár, Vojtech